00553nam a2200169Ia 4500008004100000041001200041082001100053100001500064245004700079260003500126300000800161650001200169700001600181942000700197999001700204952016200221221030s9999 xx 000 0 und d aEnglish a105.23 aR. Resnick 0aPhysics Part Icby R. Resnick, D. Halliday bWiley EasternaNew Delhic1969 a646 aPhysics aD. Halliday cBK c10758d10758 pBE 12650l0o105.23 r2024-06-13 00:00:00w2022-10-30yBK003Print4070aMIETLIBbMIETLIBcBL-Academic Block C, FL-2, CUP-127, SH-1, R-1d2012-05-3010HBE